The new international dictionary of New Testament theology; vol. 1. (Record no. 322)

000 -LEADER
fixed length control field 00666nam a2200193 a 4500
001 - CONTROL NUMBER
control field :::00013475$&:&@@
003 - CONTROL NUMBER IDENTIFIER
control field OkBaRHE
005 - DATE AND TIME OF LATEST TRANSACTION
control field 20100323203615.0
008 - FIXED-LENGTH DATA ELEMENTS--GENERAL INFORMATION
fixed length control field s1978 j 000 0 eng u
040 ## - CATALOGING SOURCE
Transcribing agency
100 1# - MAIN ENTRY--PERSONAL NAME
Personal name Brown, Colin, 1932- ,
245 14 - TITLE STATEMENT
Title The new international dictionary of New Testament theology; vol. 1.
260 ## - PUBLICATION, DISTRIBUTION, ETC. (IMPRINT)
Place of publication, distribution, etc Grand Rapids, MI., :
Name of publisher, distributor, etc Zondervan Pub. House
Date of publication, distribution, etc 1978
300 ## - PHYSICAL DESCRIPTION
Extent v. (1-3) ;
Dimensions 25 cm.
650 ## - SUBJECT ADDED ENTRY--TOPICAL TERM
Topical term or geographic name as entry element Bible New Testament
General subdivision Dictionaries
650 ## - SUBJECT ADDED ENTRY--TOPICAL TERM
Topical term or geographic name as entry element Bible New Testament
General subdivision Theology
-- Dictionaries
942 ## - ADDED ENTRY ELEMENTS (KOHA)
Source of classification or shelving scheme
Koha item type Books
Copies
Full call number Permanent Location Source of classification or shelving scheme Damaged status Copy number Collection code Lost status Withdrawn status Price effective from Koha item type Barcode Shelving location Date acquired Not for loan Date last seen
BS 2397 .N48RHEMA Bible Training College  1Reference  2010-04-14Books13475General Stacks2010-04-14 2018-03-16